• 首页
  • 本馆介绍
  • 公告通知
  • 最新文献
  • 馆藏检索
  • 电子资源
  • 读者导购
  • 参考咨询
  • 我的图书馆
  • 登录
  • 详细信息显示
  • 放入我的书架
  • 预约/预借图书
  • 作者相关作品
  • 分类相关作品
  • 丛书相关作品
  • 出版社相关作品

书目信息

  • 表格格式
  • 工作单格式
  • 卡片格式
题名:
开窍的日子
    
 
作者: 舒乙 著
分册:  
出版信息: 北京   人民出版社  2014
页数: 256页
开本: 24cm
丛书名:
单 册:
中图分类: I267 , J221.8
科图分类:
主题词: 散文集--中国--当代 , 绘画--作品集--中国--现代
电子资源:
ISBN: 978-7-01-012986-0
000 01101nam0 2200265 450
001 338273
005 20150601145456.57
010    @a978-7-01-012986-0@dCNY46.00
100    @a20140507d2014 em y0chiy50 ea
101 0  @achi
102    @aCN@b110000
105    @aa z 000cd
106    @ar
200 1  @a开窍的日子@Akai qiao de zhi ri zi@e舒乙散文和绘画作品自选集@f舒乙著
210    @a北京@c人民出版社@d2014
215    @a256页@d24cm
330    @a本书主要由两部分组成: 第一部分为舒乙先生近年来未出版过的新作, 主要有散文、杂文、随笔等, 涉及作者的童年趣事、一家人在抗战期间颠沛流离的生活回忆、故乡、亲情、作者的文学与艺术之路、老北京小吃、国外游历随笔、生态保护、文化遗产保护等内容, 第二部分为作者精选出的绘画作品, 并有配词, 画作被画界称为“文人画”, 体裁广泛, 具有深刻的思想性。
517 1  @a舒乙散文和绘画作品自选集@Ashu yi san wen he hui hua zuo pin zi xuan ji
606 0  @a散文集@y中国@z当代
606 0  @a绘画@x作品集@y中国@z现代
690    @aI267@v5
690    @aJ221.8@v5
701  0 @c(满)@a舒乙@Ashu yi@f(1935)@4著
801  0 @aCN@b卓展宏图@c20150525
905    @dI267@e1622@f4
    
    开窍的日子:舒乙散文和绘画作品自选集/舒乙著.-北京:人民出版社,2014
    256页;24cm
    
    
    ISBN 978-7-01-012986-0:CNY46.00
    本书主要由两部分组成: 第一部分为舒乙先生近年来未出版过的新作, 主要有散文、杂文、随笔等, 涉及作者的童年趣事、一家人在抗战期间颠沛流离的生活回忆、故乡、亲情、作者的文学与艺术之路、老北京小吃、国外游历随笔、生态保护、文化遗产保护等内容, 第二部分为作者精选出的绘画作品, 并有配词, 画作被画界称为“文人画”, 体裁广泛, 具有深刻的思想性。
●
相关链接 在E读中查询图书 在五车中查询图书 在当当中查询图书 在豆瓣中查询图书


正题名:开窍的日子     索取号:I267/1622         预约/预借

序号 登录号 条形码 馆藏地/架位号 状态 备注
1 861523   208615239   第一样本阅览室/ [索取号:I267/1622] 在馆    
2 861524   208615248   第二借阅区/ [索取号:I267/1622] 在馆    
3 861525   208615257   第二借阅区/ [索取号:I267/1622] 在馆    
4 861526   208615266   教育系资料室/ [索取号:I267/1622] 在馆    
唐山师范学院图书馆 欢迎您!
大连网信软件有限公司© 版权所有